LIBRARY & INFORMATION CENTRE, KCAET, TAVANUR

ONLINE PUBLIC ACCESS CATALOGUE (OPAC)

Handbook of water quality management planning / (Record no. 161)

MARC details
000 -LEADER
fixed length control field 00516cam a2200193ua 4500
003 - CONTROL NUMBER IDENTIFIER
control field OSt
008 - FIXED-LENGTH DATA ELEMENTS--GENERAL INFORMATION
fixed length control field 240203b |||||||| |||| 00| 0 eng d
020 ## - INTERNATIONAL STANDARD BOOK NUMBER
ISBN 0-442-23282-9
041 ## - LANGUAGE CODE
Language code of text/sound track or separate title eng
082 ## - DEWEY DECIMAL CLASSIFICATION NUMBER
Classification number 628.1
Item number PAV/HA
100 ## - MAIN ENTRY--AUTHOR NAME
Personal name Pavoni, Joseph L.
245 00 - TITLE STATEMENT
Title Handbook of water quality management planning /
250 ## - EDITION STATEMENT
Edition statement 1 /
260 ## - PUBLICATION, DISTRIBUTION, ETC. (IMPRINT)
Place of publication New York :
Name of publisher Van Nostrand Reinhold Company ,
Year of publication 1977.
300 ## - PHYSICAL DESCRIPTION
Number of Pages 419 ; .
650 ## - SUBJECT ADDED ENTRY--TOPICAL TERM
Topical Term Handbook
650 ## - SUBJECT ADDED ENTRY--TOPICAL TERM
Topical Term Water Quality Management
942 ## - ADDED ENTRY ELEMENTS (KOHA)
Koha item type Books
Holdings
Withdrawn status Lost status Damaged status Home library Current library Shelving location Date acquired Full call number Accession Number Koha item type
      KAUAET KAUAET General Stacks 07/04/2012 628.1 PAV/HA 16796 Books
free website counter